Sailor Moon Classic Characters Quiz Stats

 Plays Quiz not verified by Sporcle

Challenge
Share
Tweet
Embed
Score 0/21 Timer 09:00
0 Plays Today
Clue Character % Correct
Sailor Moon's catLuna
84.7%
Sailor MoonUsagi Tsukino
84.3%
Sailor Venus's catArtemis
82.6%
Sailor MercuryAmi Mizuno
76.3%
Sailor MarsRei Hino
76.3%
Sailor VenusMinako Aino
73.7%
Dark Kingdom CommanderQueen Beryl
72.9%
Tuxedo KarmenMamoru Chiba
72%
Sailor JupiterMakoto Kino
69.9%
Sailor Moon's friend (female)Naru Osaka
66.5%
Sailor Moon's brotherShingo Tsukino
66.1%
Clue Character % Correct
Shitennou #2Nephrite
64.8%
Shitennou #4Kunzite
64.8%
Shitennou #1Jadeite
60.6%
Shitennou #3Zoisite
60.2%
Sailor Moon's momIkuko Tsukino
54.2%
Dark Kingdom RulerQueen Metalia
53.8%
Sailor Moon's friend (male)Gurio Umino
53.4%
Sailor Moon's dadKenji Tsukino
50.4%
Arcade workerMotoki Furuhata
47.9%
Guy who gets job at Hino shrineYuichiro
27.5%

You're not logged in!

Compare scores with friends on all Sporcle quizzes.
Join for Free
OR
Log In

You Might Also Like...

Show Comments

Extras

Top Quizzes Today


Score Distribution

Your Account Isn't Verified!

In order to create a playlist on Sporcle, you need to verify the email address you used during registration. Go to your Sporcle Settings to finish the process.

Report this User

Report this user for behavior that violates our Community Guidelines.

Details: